Statistiken für Dornbirner Stadtbezirke auf einer Karte

Klicken Sie hier um das Quiz zu spielen!

Allgemein

  • Dieses Quiz wurde 12 mal gespielt
  • Das Durchschnittsergebnis liegt bei 5 aus 6

Antworten auf der Karte

Die Antworten werden auf der Karte rot bzw. grün angezeigt, abhängig davon wie oft sie richtig erraten wurden.
 

Antwortstatistiken

Nr.Stadtbezirk% Korrekt
II.Hatlerdorf
100%
I.Markt
89%
III.Oberdorf
89%
V.Rohrbach
89%
IV.Haselstauden
78%
VI.Schoren
78%

Verteilung der Resultate

Perzentil nach korrekt beantworteten Fragen

Anzahl Personen mit jedem Resultat

Ihre Resultats-Entwicklung

Sie haben dieses Quiz noch nicht gespielt